Začiatočné a okrajové úlohy pre obyčajné diferenciálne rovnice v mechanike a stavebnej tepelnej technike

Guardado en:
Detalles Bibliográficos
Autor principal: Olbertová, Alexandra (Autor)
Otros Autores: Minárová, Mária (Orientador)
Formato: Manuscrito Libro
Lenguaje:eslovaco
Publicado: 2024
Materias:
Acceso en línea:http://is.stuba.sk/zp/portal_zp.pl?podrobnosti=161790
https://opac.crzp.sk/?fn=detailBiblioForm&sid=0CD22148AAB768F4905B73857C89
Etiquetas: Agregar Etiqueta
Sin Etiquetas, Sea el primero en etiquetar este registro!

MARC

LEADER 00000ntm a22000003a 4500
001 stuzp99932
003 SK-STU
005 20240925103808.1
007 ta
008 150427s2015----xo-----f-mn---000-0-slo-d
040 |a STU  |b slo 
041 0 |a slo 
100 1 |a Olbertová, Alexandra  |u 010220  |4 aut  |U SvF Stavebná fakulta  |T SvF Katedra matematiky a deskriptívnej geometrie  |X 110058  |U V220  |Y 23  |7 110058 
242 0 1 |a The initial and boundary value problems for ordinary differential equations in mechanics and building thermal engineering.  |y eng 
245 1 0 |a Začiatočné a okrajové úlohy pre obyčajné diferenciálne rovnice v mechanike a stavebnej tepelnej technike 
260 |c 2024 
650 4 |a obyčajná diferenciálna rovnica  |2 slo 
650 4 |a statika  |2 slo 
650 4 |a dynamika  |2 slo 
650 4 |a stavebná tepelná technika  |2 slo 
650 4 |a statics  |2 eng 
650 4 |a dynamics  |2 eng 
650 4 |a building thermal engineering  |2 eng 
650 4 |a ordinary differential equation  |2 eng 
700 1 |a Minárová, Mária  |u 010220  |k Z1  |4 ths  |U SvF Stavebná fakulta  |T SvF Katedra matematiky a deskriptívnej geometrie  |X 4304  |U V220  |Y 23  |7 A000004304 
856 4 |u http://is.stuba.sk/zp/portal_zp.pl?podrobnosti=161790 
856 4 |u https://opac.crzp.sk/?fn=detailBiblioForm&sid=0CD22148AAB768F4905B73857C89